01884nam a22002654a 4500003000900000005001700009008004100026040001300067041000800080044000700088082002100095100003500116245012100151260010300272300001100375502008000386520097600466650002701442650002201469650002601491650002301517650002901540650002201569650002701591BOLpUSFA20260407143709.0 t bo grm 001 | spa|| aBOLpUSFA aspa aBO aICO0043bH641pPG aHilaquita Herrera, Leny Andrea aPlan estratégico de marketing tradicional para el posicionamiento de la Empresa Cascaritas en la ciudad de La Paz. aEl Alto: bUniversidad Privada San Francisco de Asís. Carrera de Ingeniería Comercial, c2025  a130 p. aModalidad: Proyecto de Grado - Tutora: Lic. Melody Mariel Vicente Canaviri aAdriana Artunduaga Rojas, Gerente General busca posicionar a la empresa Cascaritas es un envoltorio a base de tela de algodón y cera de abeja una alternativa sustentable, este producto elaborado localmente donde los envoltorios deben garantizar tanto la conservación de los alimentos como una impresión positiva en los consumidores, para abordar este desafío, se empleará un enfoque inductivo con un diseño no experimental a un plazo de seis meses, se investigará la necesidad de soluciones de posicionamiento revisando la literatura sobre el marketing tradicional, haciendo un estudio preventivo con la eficacia de las estrategias de marketing, recopilando datos mediante encuestas y entrevista. Los análisis de estos datos permitirán desarrollar recomendaciones, con el objetivo de mejorar la aceptación y el posicionamiento de la empresa Cascaritas en la ciudad de la ciudad de La Paz.  aIngeniería Comercial aProyecto de Grado aMarketing tradicional aPlan estratégico aEnvoltorios de algodón aImpacto ambiental aProductos sustentables